<?xml version="1.0" encoding="UTF-8"?>
<record
    xmlns:xsi="http://www.w3.org/2001/XMLSchema-instance"
    xsi:schemaLocation="http://www.loc.gov/MARC21/slim http://www.loc.gov/standards/marcxml/schema/MARC21slim.xsd"
    xmlns="http://www.loc.gov/MARC21/slim">

  <leader>04322cam a2200337   4500500</leader>
  <controlfield tag="005">20260517000338.0</controlfield>
  <datafield tag="041" ind1=" " ind2=" ">
    <subfield code="a">fre</subfield>
  </datafield>
  <datafield tag="042" ind1=" " ind2=" ">
    <subfield code="a">dc</subfield>
  </datafield>
  <datafield tag="100" ind1="1" ind2="0">
    <subfield code="a">Mbeva, Jean Bosco Kahindo</subfield>
    <subfield code="e">author</subfield>
  </datafield>
  <datafield tag="700" ind1="1" ind2="0">
    <subfield code="a">Karemere, Herm&#xE8;s</subfield>
    <subfield code="e">author</subfield>
  </datafield>
  <datafield tag="700" ind1="1" ind2="0">
    <subfield code="a">Schirvel, Carole</subfield>
    <subfield code="e">author</subfield>
  </datafield>
  <datafield tag="700" ind1="1" ind2="0">
    <subfield code="a">Porignon, Denis</subfield>
    <subfield code="e">author</subfield>
  </datafield>
  <datafield tag="245" ind1="0" ind2="0">
    <subfield code="a">R&#xF4;les exerc&#xE9;s par le Niveau interm&#xE9;diaire du syst&#xE8;me sanitaire en R&#xE9;publique d&#xE9;mocratique du Congo&#xA0;:&#xA0;repr&#xE9;sentations des acteurs</subfield>
  </datafield>
  <datafield tag="260" ind1=" " ind2=" ">
    <subfield code="c">2014.
							</subfield>
  </datafield>
  <datafield tag="500" ind1=" " ind2=" ">
    <subfield code="a">43</subfield>
  </datafield>
  <datafield tag="520" ind1=" " ind2=" ">
    <subfield code="a">Introduction&#x2008;: En R&#xE9;publique D&#xE9;mocratique du Congo (RDC), les structures interm&#xE9;diaires du syst&#xE8;me de sant&#xE9; ont &#xE9;t&#xE9; pens&#xE9;es au cours des processus de mise en &#x153;uvre des soins de sant&#xE9; primaires dans une optique de soutien au district sanitaire. L&#x2019;objectif de cette &#xE9;tude &#xE9;tait d&#x2019;explorer les repr&#xE9;sentations par les acteurs sanitaires du r&#xF4;le exerc&#xE9; par ce Niveau interm&#xE9;diaire (provincial). M&#xE9;thodes&#x2008;: &#xC9;tude de cas unique bas&#xE9;e sur l&#x2019;analyse inductive des donn&#xE9;es d&#x2019;interviews aupr&#xE8;s de 27&#xA0;informateurs-cl&#xE9;s ayant &#x153;uvr&#xE9; au sein du syst&#xE8;me sanitaire de la RDC. R&#xE9;sultats&#x2008;: Les repr&#xE9;sentations des acteurs ont r&#xE9;v&#xE9;l&#xE9; une &#xE9;volution temporelle du r&#xF4;le jou&#xE9;. D&#xE9;nu&#xE9; de comp&#xE9;tences et de financements suffisants, durant les ann&#xE9;es&#xA0;80, le Niveau interm&#xE9;diaire s&#x2019;&#xE9;tait davantage adonn&#xE9; &#xE0; des fonctions d&#x2019;inspection et de contr&#xF4;le, rendant des comptes plus sp&#xE9;cifiquement au niveau central du minist&#xE8;re de la Sant&#xE9;. Depuis la d&#xE9;cennie&#xA0;90, face &#xE0; la demande pressante de soutien des &#xE9;quipes de district, dont l&#x2019;autonomie de gestion a &#xE9;t&#xE9; mise &#xE0; rude &#xE9;preuve suite (i)&#xA0;aux urgences humanitaires, (ii)&#xA0;&#xE0; la n&#xE9;cessit&#xE9; d&#x2019;int&#xE9;grer les programmes verticaux et (iii)&#xA0;aux logiques de nombreux acteurs, le Niveau interm&#xE9;diaire du syst&#xE8;me sanitaire a d&#xE9;velopp&#xE9; des m&#xE9;thodes et des outils pour soutenir le district sanitaire. Ainsi a &#xE9;merg&#xE9; un mod&#xE8;le subsidiaire du Niveau interm&#xE9;diaire, dont l&#x2019;efficacit&#xE9; est per&#xE7;ue variable selon les provinces ces derni&#xE8;res ann&#xE9;es. Conclusion&#x2008;: D&#x2019;apr&#xE8;s les repr&#xE9;sentations des acteurs et dans un contexte de d&#xE9;centralisation, le mod&#xE8;le &#xAB;&#x2008; subsidiaire&#x2008;&#xBB; du Niveau interm&#xE9;diaire semble une alternative cr&#xE9;dible au mod&#xE8;le &#xAB;&#x2008; contr&#xF4;le&#x2008;&#xBB; en RDC.</subfield>
  </datafield>
  <datafield tag="520" ind1=" " ind2=" ">
    <subfield code="a">Stakeholder representations of the role of the intermediate level of the DRC health system Introduction: Intermediate health care structures in the DRC were designed during the setting-up of primary health care in a perspective of health district support. This study was designed to&#xA0;describe stakeholder representations of the intermediate level of the DRC health system during the first 30 years of the primary health care system. Methods: This case study was based on inductive analysis of data from 27 key informant interviews.. Results: The intermediate level of the health system, lacking sufficient expertise and funding during the 1980s, was confined to inspection and control functions, answering to the central level of the Ministry of health and provincial authorities. Since the 1990s, faced with the pressing demand for support from health district teams, whose self-management had to deal with humanitarian emergencies, the need to integrate vertical programmes, and cope with the logistics of many different actors, the intermediate heath system developed methods and tools to support heath districts. This resulted in a subsidiary model of the intermediate level, the perceived efficacy of which varies according to the province over recent years. Conclusion: The &#x201C;subsidiary&#x201D; model of the intermediary health system level seems a good alternative to the &#x201C;control&#x201D; model in DRC.</subfield>
  </datafield>
  <datafield tag="690" ind1=" " ind2=" ">
    <subfield code="a">attitudes et pratiques en sant&#xE9;</subfield>
  </datafield>
  <datafield tag="690" ind1=" " ind2=" ">
    <subfield code="a">connaissances</subfield>
  </datafield>
  <datafield tag="690" ind1=" " ind2=" ">
    <subfield code="a">personnel de sant&#xE9;</subfield>
  </datafield>
  <datafield tag="690" ind1=" " ind2=" ">
    <subfield code="a">prestations des soins de sant&#xE9;</subfield>
  </datafield>
  <datafield tag="690" ind1=" " ind2=" ">
    <subfield code="a">R&#xE9;publique d&#xE9;mocratique du Congo</subfield>
  </datafield>
  <datafield tag="690" ind1=" " ind2=" ">
    <subfield code="a">attitudes</subfield>
  </datafield>
  <datafield tag="690" ind1=" " ind2=" ">
    <subfield code="a">delivery of health care</subfield>
  </datafield>
  <datafield tag="690" ind1=" " ind2=" ">
    <subfield code="a">Democratic Republic of the&#xA0;Congo</subfield>
  </datafield>
  <datafield tag="690" ind1=" " ind2=" ">
    <subfield code="a">health knowledge</subfield>
  </datafield>
  <datafield tag="690" ind1=" " ind2=" ">
    <subfield code="a">health personnel</subfield>
  </datafield>
  <datafield tag="690" ind1=" " ind2=" ">
    <subfield code="a">practices</subfield>
  </datafield>
  <datafield tag="786" ind1="0" ind2=" ">
    <subfield code="n">Sant&#xE9; Publique | 26 | 5 | 2014-11-24 | p. 685-693 | 0995-3914</subfield>
  </datafield>
  <datafield tag="856" ind1="4" ind2="1">
    <subfield code="u">https://stm.cairn.info/revue-sante-publique-2014-5-page-685?lang=fr&amp;redirect-ssocas=7080</subfield>
  </datafield>
  <datafield tag="999" ind1=" " ind2=" ">
    <subfield code="c">2231478</subfield>
    <subfield code="d">2231478</subfield>
  </datafield>
</record>
